Роль маркетинговых коммуникаций в формировании бренда; Проблемы управления рыночной экономикой; Ч. 1

Podrobná bibliografie
Parent link:Проблемы управления рыночной экономикой: межрегиональный сборник научных трудов/ Национальный исследовательский Томский политехнический университет (ТПУ) ; под ред. И. Е. Никулиной ; Л. Р. Тухватулиной ; Н. В. Черепановой.— , 2014
Ч. 1.— 2014
Hlavní autor: Грахова Е. А. Елена Александровна
Korporativní autor: Национальный исследовательский Томский политехнический университет (ТПУ) Институт социально-гуманитарных технологий (ИСГТ) Кафедра менеджмента (МЕН)
Další autoři: Князев П. А.
Shrnutí:Заглавие с титульного экрана
Jazyk:ruština
Vydáno: 2014
Edice:Менеджмент
Témata:
On-line přístup:http://www.lib.tpu.ru/fulltext/c/2013/C53/005.pdf
Médium: MixedMaterials Elektronický zdroj Kapitola
KOHA link:https://koha.lib.tpu.ru/cgi-bin/koha/opac-detail.pl?biblionumber=604708

MARC

LEADER 00000naa2a2200000 4500
001 604708
005 20260216141921.0
035 |a (RuTPU)RU\TPU\conf\1988 
035 |a RU\TPU\conf\1987 
090 |a 604708 
100 |a 20140318d2014 k y0rusy50 ca 
101 0 |a rus 
102 |a RU 
135 |a drnn ---uucaa 
181 0 |a i  
182 0 |a b 
200 1 |a Роль маркетинговых коммуникаций в формировании бренда  |f Е. А. Грахова, П. А. Князев 
203 |a Текст  |c электронный 
225 1 |a Менеджмент 
300 |a Заглавие с титульного экрана 
320 |a [Библиогр.: 13 назв.] 
337 |a Adobe Reader 
461 1 |0 (RuTPU)RU\TPU\conf\1019  |t Проблемы управления рыночной экономикой  |o межрегиональный сборник научных трудов  |f Национальный исследовательский Томский политехнический университет (ТПУ) ; под ред. И. Е. Никулиной ; Л. Р. Тухватулиной ; Н. В. Черепановой  |d 2014 
463 1 |0 (RuTPU)RU\TPU\conf\1024  |t Ч. 1  |d 2014 
610 1 |a труды учёных ТПУ 
610 1 |a электронный ресурс 
610 1 |a маркетинговые коммуникации 
610 1 |a формирование 
610 1 |a бренд 
700 1 |a Грахова  |b Е. А.  |c экономист  |c ассистент Томского политехнического университета  |f 1981-  |g Елена Александровна  |3 (RuTPU)RU\TPU\pers\31872 
701 1 |a Князев  |b П. А. 
712 0 2 |a Национальный исследовательский Томский политехнический университет (ТПУ)  |b Институт социально-гуманитарных технологий (ИСГТ)  |b Кафедра менеджмента (МЕН)  |3 (RuTPU)RU\TPU\col\18855 
801 2 |a RU  |b 63413507  |c 20140318  |g RCR 
856 4 |u http://www.lib.tpu.ru/fulltext/c/2013/C53/005.pdf 
942 |c CF